| 000 | 00955nas a2200313 4500 | ||
|---|---|---|---|
| 001 | BR2015000693 | ||
| 003 | BR-BrBNA | ||
| 005 | 20231205125003.0 | ||
| 007 | ta | ||
| 008 | 230509b bl.|||p| |||| 00| 00por d | ||
| 040 |
_aBR-BrBNA _bpor _cBiblioteca Nacional de Agricultura |
||
| 041 | _a(En) | ||
| 072 | _aL02 | ||
| 100 | 1 | _aSilva, E.T.P. da | |
| 100 | 1 | _aGuimarães, K.C. | |
| 100 | 1 | _aMarques, K.O. | |
| 100 | 1 | _aCarvalho, T.A. | |
| 100 | 1 | _aAntonio, P. | |
| 100 | 1 | _aVieira Junior, M.I.R. | |
| 245 | 1 | _aNutritional and fermentation parameters of xaraés grass silage produced with bacterial additive | |
| 650 | _aSILAGEM | ||
| 650 | _aMATERIA SECA | ||
| 650 | _aFORRAGEM | ||
| 650 | _aINOCULANTE | ||
| 650 | _aCOMPOSIÇÃO QUÍMICA | ||
| 773 | 0 |
_tActa Scientiarum. Animal Sciences (Brazil) _xISSN 1806-2636 _g(Jul-Sep 2014), v. 36(3) p. 265-269 _wBR2015000693 |
|
| 909 |
_a202311 _bLúcia _c55 _dLúcia Elande |
||
| 942 |
_2AGRIS _n0 _cANA |
||
| 999 |
_c241995 _d241995 |
||